000 00632nam a22002172 4500
001 0000018720
005 20151217154421.0
008 100609s xx 000 0 eng d
020 _a8175341364 :
040 _aKABU
_cKABU
100 1 _aStone, Julius.
_@0000178041
245 1 0 _aLegal system and lawyers' reasonings /
_cby Julius Stone.
250 _a1st ed.
260 _aDelhi :
_bUniversal Law,
_c1964.
300 _axxiv, 454 p.
650 0 _aLaw
_xMethodology.
_@0000153283
650 0 _aJurisprudence.
_@0000153282
852 1 _9p960 KES
908 _a100609
950 _@1
999 _c11164
_d11164